[Event "Sueca op 1st"]
[Site "Sueca"]
[Date "2015.07.27"]
[Round "1"]
[White "Iborra Fabra, Ramon"]
[Black "Valdenebro Orihuel, Miguel"]
[Result "0-1"]
[WhiteElo "1339"]
[BlackElo "1951"]
[PlyCount "46"]
[EventDate "2015.07.27"]
[EventType "swiss"]
[EventRounds "8"]
[EventCountry "ESP"]
[SourceTitle "EXT 2016"]
[Source "ChessBase"]
[SourceDate "2015.10.08"]
[SourceVersion "1"]
[SourceVersionDate "2015.10.08"]
[SourceQuality "1"]

1. e4 c6 2. d4 d5 3. exd5 Qxd5 4. Nc3 Qd8 5. Nf3 Nf6 6. Be2 e6 7. 0-0 Bd6 8. Re1 Nbd7 9. Bg5 Qc7 10. Bc4 0-0 11. Ne4 Nxe4 12. Rxe4 b5 13. Bb3 c5 14. c3 c4 15. Bc2 Bb7 16. Rh4 f5 17. Qe2 Rae8 18. Re1 e5 19. Qd2 e4 20. Ne5 Nxe5 21. dxe5 Bxe5 22. Bf4 Bxf4 23. Rxf4 g5 0-1

[Event "Provincial-ch Xeraco Primera"]
[Site "Xeraco"]
[Date "2014.10.18"]
[Round "3.2"]
[White "Banuls Perez, Andres"]
[Black "Valdenebro Orihuel, Miguel"]
[Result "0-1"]
[WhiteElo "1691"]
[BlackElo "1850"]
[PlyCount "68"]
[EventDate "2014.09.27"]
[EventType "swiss"]
[EventRounds "7"]
[EventCountry "ESP"]
[SourceTitle "EXT 2024"]
[Source "ChessBase"]
[SourceDate "2023.10.10"]
[SourceVersion "1"]
[SourceVersionDate "2023.10.10"]
[SourceQuality "1"]

1. d4 d5 2. c3 Nf6 3. Nf3 e6 4. Bf4 c5 5. e3 Nc6 6. Bd3 Qb6 7. Qc2 c4 8. Be2 Be7 9. 0-0 Ne4 10. Nbd2 f5 11. Ne5 Nxd2 12. Qxd2 0-0 13. Bg3 Nxe5 14. Bxe5 Bd7 15. f4 Bd6 16. Bxd6 Qxd6 17. Rf3 b5 18. a3 a5 19. Rff1 Rfb8 20. g4 Ra7 21. gxf5 exf5 22. Bf3 Rab7 23. Rfb1 Bc6 24. Qc2 Qe6 25. Qd2 b4 26. axb4 axb4 27. cxb4 Rxb4 28. Ra3 Rb3 29. Rxb3 Rxb3 30. Re1 Qe7 31. Bd1 Rd3 32. Qe2 Qb4 33. Bc2 Rd2 34. Qh5 Rxc2 0-1